| 000 | 00901nam a2200241 a 4500 | ||
|---|---|---|---|
| 001 | 000028371 | ||
| 005 | 20200930054917.0 | ||
| 008 | 091013s1990 dr 000 0 spa d | ||
| 040 |
_aDO-SdBNP _bspa _cBNPHU |
||
| 082 |
_a342.729307 _bR426L, 1990 |
||
| 110 | 1 |
_aRepública Dominicana. _9447 |
|
| 240 | 1 | 0 | _a[Leyes, etc.] |
| 245 | 1 | 0 |
_aLey electoral / _ccompilador Almanzor González Canahuate. |
| 260 |
_aSanto Domingo : _bJunta Central Electoral, _c1990. _fImpresora Soto Castillo |
||
| 300 |
_a129 p. ; _c22 cm. |
||
| 590 | _aInventariado, 2018/ YL | ||
| 650 | 4 |
_aElecciones _xLegislación _zRepública Dominicana _9412 |
|
| 650 | 4 |
_aSufragio _xLegislación _zRepública Dominicana _927666 |
|
| 651 | 4 |
_aRepública Dominicana _xLeyes _916541 |
|
| 651 | 4 |
_aRepública Dominicana _xLey 5884 _932247 |
|
| 700 | 1 |
_aGonzález Canahuate, Almanzor, _ecomp. _916436 |
|
| 910 | _aValidado. Control de calidad EMS | ||
| 999 |
_c27863 _d27863 |
||